00226nam a2200097 4500082002200000100002100022245003000043260003900073300000700112650000900119 a631.4 DESb007551 aDE Silva,Shanthi aSoil Nutrients for Plants bOpen University of Sri Lankac1991 a57 aSoil